UK Residential Research Bulletin (Record no. 107938)
[ view plain ]
| 000 -LEADER | |
|---|---|
| fixed length control field | 01154cad a22002295a 4500 |
| 001 - CONTROL NUMBER | |
| control field | L142685 |
| 008 - FIXED-LENGTH DATA ELEMENTS--GENERAL INFORMATION | |
| fixed length control field | 080228s2008 xxkd f 000 0 eng d |
| 035 ## - SYSTEM CONTROL NUMBER | |
| System control number | (Sirsi) u142685 |
| 041 0# - LANGUAGE CODE | |
| Language code of text/sound track or separate title | eng |
| 050 04 - LIBRARY OF CONGRESS CALL NUMBER | |
| Classification number | 333.33 $2 18 |
| 110 2# - MAIN ENTRY--CORPORATE NAME | |
| Corporate name or jurisdiction name as entry element | Savills |
| 9 (RLIN) | 2020 |
| 245 00 - TITLE STATEMENT | |
| Title | UK Residential Research Bulletin |
| Remainder of title | February 2008 |
| Medium | [electronic resource] |
| 260 ## - PUBLICATION, DISTRIBUTION, ETC. | |
| Place of publication, distribution, etc. | London |
| Name of publisher, distributor, etc. | Savills |
| Date of publication, distribution, etc. | 2008 |
| 490 #0 - SERIES STATEMENT | |
| Series statement | Savills UK Residential Research Bulletin |
| Volume/sequential designation | February 2008 |
| 520 ## - SUMMARY, ETC. | |
| Summary, etc. | Finds that since the second quarter of 2007 growth has slowed in many regions. In the fourth quarter of 2007 only London and Wales showed growth. The crisis in credit and confidence has resulted in volatile financial markets and weakened the outlook for growth. Low levels of growth are predicted for the housing market together with the possibility of some falls. |
| 590 ## - LOCAL NOTE (RLIN) | |
| Local note | KA |
| 650 24 - SUBJECT ADDED ENTRY--TOPICAL TERM | |
| Topical term or geographic name entry element | SAVILLS UK RESIDENTIAL RESEARCH BULLETIN |
| 651 #4 - SUBJECT ADDED ENTRY--GEOGRAPHIC NAME | |
| Geographic name | United Kingdom |
| Chronological subdivision | |
| 690 ## - LOCAL SUBJECT ADDED ENTRY--TOPICAL TERM (OCLC, RLIN) | |
| Topical term or geographic name as entry element | PROPERTY-RESIDENTIAL PROPERTY-RESIDENTIAL PROPERTY MARKET |
| 856 48 - ELECTRONIC LOCATION AND ACCESS | |
| Uniform Resource Identifier | <a href="https://www.savills.co.uk/research/Report.aspx?nodeID=9203#">https://www.savills.co.uk/research/Report.aspx?nodeID=9203#</a> |
| Public note | View the bulletin free of charge at www.savills.co.uk... |
| 942 ## - ADDED ENTRY ELEMENTS (KOHA) | |
| Suppress in OPAC | 0 |
| Withdrawn status | Lost status | Source of classification or shelving scheme | Damaged status | Not for loan | Home library | Current library | Shelving location | Date acquired | Total Checkouts | Full call number | Barcode | Date last seen | Copy number | Price effective from | Koha item type |
|---|---|---|---|---|---|---|---|---|---|---|---|---|---|---|---|
| Dewey Decimal Classification | Virtual | Virtual | Online | 28/02/2008 | ONLINE PUBLICATION | 142685-1001 | 06/08/2019 | 1 | 06/08/2019 | Book |